| Registos Bibliográficos associados ao registo de autoridade |
|
Etiqueta de registo: 00230nam 2200025 450 001 1915164 003 http://id.bnportugal.gov.pt/bib/catbnp/1915164 010 ## $a978-972-8690-88-5 021 ## $aPT$b390936/15 100 ## $a20151113d2015 d y0pory01030103ba 101 0# $apor 102 ## $aPT 105 ## $aa j 000yy 106 ## $ar 200 1# $aQuero saber!$eeducação moral e religiosa católica$e7º ano do ensino básico$fcoord. geral Cristina Sá Carvalho$gautor António Cordeiro... [et al.]$grev.Isa Dora Lopes 210 #9 $aLisboa$cFundação Secretariado Nacional da Educação Cristã,$d2015 215 ## $a154 p.$cil.$d28 cm 606 ## $aCatolicismo$j[Manuais de ensino básico]$2SIPOR$3476069 675 ## $a272-47(075.2)$vBN$zpor$31305863 701 #1 $91$aCordeiro,$bAntónio$4070$31626343 702 #1 $aCarvalho,$bCristina Sá,$f1963-$4340$31626322 702 #1 $aLopes,$bIsa Dora$4675$31626968 801 #0 $aPT$bBN$gRPC 856 41 $uhttp://rnod.bnportugal.gov.pt/ImagesBN/winlibimg.aspx?skey=&doc=1915164&img=68917&save=true 900 ## $aBIBNAC$d20151210 966 ## $lBN$mFGMON$sR. 28471 V.$x1
|
|
|